ओशो विचारदर्पण (Record no. 440756)

MARC details
000 -LEADER
fixed length control field 00468nam a2200145Ia 4500
008 - FIXED-LENGTH DATA ELEMENTS--GENERAL INFORMATION
fixed length control field 100122s9999 xx 000 0 und d
082 ## - DEWEY DECIMAL CLASSIFICATION NUMBER
Item number 69457
Classification number 181.4
100 ## - MAIN ENTRY--PERSONAL NAME
Personal name कुंटे माधवी
245 ## - TITLE STATEMENT
Title ओशो विचारदर्पण
260 ## - PUBLICATION, DISTRIBUTION, ETC. (IMPRINT)
Name of publisher, distributor, etc मनोविकास प्रकाशन
Date of publication, distribution, etc 2006
300 ## - PHYSICAL DESCRIPTION
Extent 231
630 ## - SUBJECT ADDED ENTRY--UNIFORM TITLE
Uniform title ओशो विचारदर्पण
730 ## - ADDED ENTRY--UNIFORM TITLE
Uniform title ओशो विचारदर्पण
942 ## - ADDED ENTRY ELEMENTS (KOHA)
Koha item type Book
Holdings
Withdrawn status Lost status Damaged status Not for loan Home library Current library Date acquired Cost, normal purchase price Total Checkouts Full call number Barcode Date last seen Cost, replacement price Price effective from Koha item type Public note
        S.V. Pathak Library, Vile Parle S.V. Pathak Library, Vile Parle 06/10/2006 170.00   69457 SVPPARLE-69457 01/25/2010 170.00 01/25/2010 Book Edited NA